000
00281nam a22001337a 4500
008
180126b xxu||||| |||| 00| 0 eng d
020
_a
0670835102
041
_a
eng
080
_a
821
100
_a
22
101
_a
GJL
245
_a
The Iliad Homer
_c
Fagles, R
942
_2
udc
_c
BK
999
_c
41023
_d
41023